LEADER 01159nam a2200265 i 4500 001 000000353058 003 CaOOAMICUS 005 20230309154557.0 008 230309s1803 it u000 u ita u 013 $a203744 026 $a3.E- n-o, elto mest (3) 1803 (R) 040 $aSeMil$bita 245 00$aDella vita avvenire discorso filosofico critico del cittadino Pietro Gioja. 260 $aPiacenza :$bDai torchi d' Ignazio Orcesi,$c1803. 300 $a85 p. ;$c8°. 500 $aSegn.: [A]? B-E? F? 700 1 $aOrcesi, Ignazio .$0(OLS)http://semarc/name/11462 700 1 $aGioia, Pietro .$0(OLS)http://semarc/name/78223 850 $aSeMil 852 $aSeMil$W1$xVenegono$y1$m5B III 8/8$j238357$B244289$CSeMilBibl$Z2$F244289 $81 961 $aRecupero da Biblioteca Seminario liceale Monza 961 $aEtichetta della Biblioteca del Seminario liceale di Monza 996 $6245$aDella vita avvenire discorso filosofico critico del cittadino Pietro Gioja$9(OLS)http://semarc/title/322156 996 $6260$aPiacenza :$bDai torchi d' Ignazio Orcesi$9(OLS)http://semarc/publisher/53403 LEADER 01109nam a2200241 i 4500 001 000000208435 003 CaOOAMICUS 005 20111121000000.0 008 111121s1893 it u000 u ita u 013 $a187220 040 $aSeMil$bita 100 1 $aMorandi, Luigi <1844-1922>.$0(OLS)http://semarc/name/74789 245 10$aAntologia della critica nostra letteraria moderna :$bper le persone colte e per le scuole /$ccompilata da Luigi Morandi. 250 $a8. ed. sulla 4. assai migliorata e accresciuta di 22 scritti. 260 $aCittą di Castello :$bS. Lapi,$c1893. 300 $aX, 756 p. ;$c19 cm. 500 $aEx libris E. Galli. 650 4$aCritica letteraria - Italia - Antologie.$0(OLS)http://semarc/subject/2536 850 $aSeMil 852 $aSeMil$W1$xVenegono$y1$m1R I 17 FA$j158889$B158889$CSeMilBibl$Z2$F169993 $8I 961 $aLascito: Galli Emilio, prof. 996 $6245$aAntologia della critica nostra letteraria moderna :$bper le persone colte e per le scuole$9(OLS)http://semarc/title/301410 996 $6260$aCittą di Castello :$bS. Lapi$9(OLS)http://semarc/publisher/30070